部首为足的常见中文汉字 Common Chinese characters with the radical “Foot” - Statistics

General Stats
  • This quiz has been taken 27 times
    21 since last reset
  • The average score is 37 of 94
Answer Stats
拼音首字母 笔画数 汉字 % Correct
p 12
89%
t 15
89%
t 13
84%
z 7
79%
t 15
74%
c 15
68%
d 19
68%
y 11
68%
z 11
68%
ɡ 13
63%
h 15
63%
l 13
63%
d 13
58%
ɡ 13
58%
k 13
58%
b 12
53%
b 12
53%
c 14
53%
c 15
53%
c 16
53%
c 19
53%
d 17
53%
j 13
53%
l 14
53%
p 9
53%
q 11
53%
q 13
53%
z 16
53%
b 18
47%
c 18
47%
c 19
47%
d 10
47%
d 15
47%
d 19
47%
j 11
47%
x 13
47%
d 12
42%
j 12
42%
j 14
42%
p 16
42%
q 17
42%
s 12
42%
z 12
42%
z 15
42%
b 13
37%
d 16
37%
j 13
37%
j 15
37%
k 13
37%
p 17
37%
q 13
37%
t 10 趿
37%
t 12
37%
t 16
37%
x 14
37%
y 14
37%
z 20
37%
b 10
32%
b 18
32%
c 16
32%
c 19
32%
f 12
32%
j 16
32%
l 12
32%
c 13
26%
f 11
26%
f 19
26%
j 12
26%
j 15
26%
n 17
26%
p 19
26%
r 16
26%
t 17
26%
x 13
26%
b 15
21%
c 19 蹿
21%
d 16
21%
z 15
21%
z 15
21%
z 20
21%
c 15
16%
j 11
16%
j 17
16%
j 19
16%
l 21
16%
x 24
16%
z 16
11%
c 22
5%
c 11
0%
c 16
0%
c 16
0%
c 18
0%
j 19
0%
l 22
0%
No matching quizzes found
Score Distribution
Percent of People with Each Score
Percentile by Number Answered
Your Score History
You have not taken this quiz since the last reset